[Event "AUTO-MASTER-2000"]
[Site "http://www.queenalice.com/game.php?id=1241101"]
[Date "2013.12.18"]
[Round "1"]
[White "kraler"]
[Black "JORGESILVA19D"]
[Result "0-1"]
[WhiteElo "2176"]
[BlackElo "2277"]

1. e4 c6 2. d4 d5 3. exd5 cxd5 4. c4 Nf6 5. Nc3 a6 6. Bg5 e6 7. Nf3 Be7 8. cxd5
exd5 9. Bd3 O-O 10. O-O Be6 11. Ne5 Nbd7 12. Rc1 Rc8 13. Bb1 b5 14. Qd3 g6 15.
Ne2 Nxe5 16. dxe5 Rxc1 17. Rxc1 Ne4 18. Bh6 Re8 19. Rc6 Qa5 20. Nf4 Bc5 21. Nh3
Bxh3 22. gxh3 Nxf2 23. Qf3 Qe1+ 24. Kg2 Qh1+ 25. Kg3 Qxb1 0-1

[Event "AUTO-MASTER-2000"]
[Site "http://www.queenalice.com/game.php?id=1241102"]
[Date "2013.12.18"]
[Round "1"]
[White "JORGESILVA19D"]
[Black "kraler"]
[Result "0-1"]
[WhiteElo "2235"]
[BlackElo "2219"]

1. e4 e5 2. d4 exd4 3. c3 d5 4. exd5 Qxd5 5. Nf3 Bg4 6. Be2 Nf6 7. O-O Bd6 8.
cxd4 O-O 9. Nc3 Qh5 10. h3 Bxh3 11. gxh3 Qxh3 12. Ne5 Nc6 13. Qd3 Qh4 14. Kg2
Qxd4 15. Qxd4 Nxd4 16. f4 Nxe2 17. Nxe2 Rae8 18. Ng3 Bxe5 19. fxe5 Rxe5 20. Bf4
Rc5 21. Rac1 Rxc1 22. Rxc1 c6 23. Re1 Nd5 24. Bd6 Rd8 25. Nf5 f6 26. Kf3 Kf7 27.
Be7 Rd7 28. Ba3 h5 29. Nd6+ Kg8 30. Ne4 g5 31. Nc5 Rf7 32. Ne6 Kh7 33. Bc5 a5
34. Bd4 Kg6 35. Bc3 a4 36. Nd8 Rh7 37. Ne6 Re7 38. Nf8+ Kf5 39. Rxe7 Nxe7 40.
Nd7 Nd5 41. Bd4 h4 42. Nc5 g4+ 43. Kf2 b5 44. Nd7 Kg5 45. Nb8 Nb4 46. a3 Nd3+
47. Ke3 h3 48. Kxd3 h2 49. Nxc6 h1=Q 0-1

[Event "Winterzeit"]
[Site "http://www.queenalice.com/game.php?id=1241263"]
[Date "2013.12.19"]
[Round "5"]
[White "vivafischer"]
[Black "kraler"]
[Result "0-1"]
[WhiteElo "1775"]
[BlackElo "2175"]

1. d4 Nf6 2. c4 c5 3. d5 b5 4. cxb5 a6 5. e3 g6 6. Nc3 Bg7 7. Nf3 O-O 8. a4 Bb7
9. e4 e6 10. dxe6 fxe6 11. Ra3 Nxe4 12. Nxe4 Bxe4 13. Qd6 Rf5 14. Bc4 Qf6 0-1

[Event "AUTO-MASTER-2025"]
[Site "http://www.queenalice.com/game.php?id=1252298"]
[Date "2014.1.29"]
[Round "1"]
[White "kraler"]
[Black "novoselic"]
[Result "1-0"]
[WhiteElo "2205"]
[BlackElo "2051"]

1. e4 e6 2. d4 d5 3. Nd2 Nf6 4. e5 Nfd7 5. Bd3 c5 6. c3 Nc6 7. Ne2 Qb6 8. Nf3
cxd4 9. cxd4 Bb4+ 10. Bd2 O-O 11. O-O f6 12. Kh1 fxe5 13. dxe5 Bxd2 14. Qxd2
Ndxe5 15. Rae1 Bd7 16. Ng5 g6 17. Bb1 Ng4 18. h3 Nxf2+ 19. Kh2 Rf6 20. Nf4 Raf8
21. Rxf2 Qc7 22. g3 Kg7 23. Ngxe6+ Bxe6 24. Nxe6+ Rxe6 25. Rxe6 1-0

[Event "AUTO-MASTER-2025"]
[Site "http://www.queenalice.com/game.php?id=1252299"]
[Date "2014.1.29"]
[Round "1"]
[White "novoselic"]
[Black "kraler"]
[Result "0-1"]
[WhiteElo "2053"]
[BlackElo "2212"]

1. e4 c5 2. Nf3 Nc6 3. Bc4 d6 4. O-O Nf6 5. Ng5 e6 6. d3 Be7 7. f4 d5 8. exd5
exd5 9. Bb5 O-O 10. Nc3 Nd4 11. Ba4 Bg4 12. Qe1 h6 13. Qh4 Be2 14. Nxe2 Nxe2+
15. Kh1 hxg5 16. fxg5 Nh7 17. Bd2 Bxg5 18. Qh5 Ng3+ 19. hxg3 Bxd2 20. Rad1 Qg5
21. Qxg5 Bxg5 22. Rf5 Rad8 23. c3 Rd6 24. d4 Be3 25. dxc5 Rh6+ 0-1

[Event "AUTO-MASTER-2025"]
[Site "http://www.queenalice.com/game.php?id=1252300"]
[Date "2014.1.29"]
[Round "1"]
[White "kraler"]
[Black "mjKoviak"]
[Result "1-0"]
[WhiteElo "2210"]
[BlackElo "1977"]

1. e4 c5 2. Nf3 Nc6 3. d4 cxd4 4. c3 dxc3 5. Nxc3 e6 6. Bf4 Bb4 7. Rc1 d6 8. Bc4
Nf6 9. e5 Ne4 10. O-O Bxc3 11. bxc3 d5 12. Bd3 O-O 13. Qc2 a5 14. Rfd1 Rb8 15.
Bxe4 g6 16. Bd3 Qc7 17. Bh6 Rd8 18. Re1 b5 19. h4 Ba6 20. h5 Ne7 21. Bg5 Kg7 22.
Bf6+ Kg8 23. Qd2 Rd7 24. Qh6 1-0

[Event "AUTO-MASTER-2025"]
[Site "http://www.queenalice.com/game.php?id=1252301"]
[Date "2014.1.29"]
[Round "1"]
[White "mjKoviak"]
[Black "kraler"]
[Result "1-0"]
[WhiteElo "2011"]
[BlackElo "2199"]

1. e4 e5 2. Nf3 Nc6 3. Bb5 a6 4. Ba4 b5 5. Bb3 Bc5 6. c3 Nf6 7. d4 exd4 8. e5
Ne4 9. Qe2 dxc3 10. Qxe4 cxb2 11. Bxb2 O-O 12. O-O Bb7 13. Nc3 Rb8 14. Qd3 Nb4
15. Qf5 g6 16. Qf4 Nd3 17. Qd2 Nxb2 18. Qxb2 Bxf3 19. gxf3 Qg5+ 20. Kh1 Qxe5 21.
Qd2 Bd6 22. f4 Qxf4 23. Qxf4 Bxf4 24. Rad1 Rbd8 25. Ne4 d6 26. Nf6+ Kg7 27. Nd5
g5 28. Nxc7 Rc8 29. Nxa6 Rc3 30. Kg2 h5 31. Nb4 Rcc8 32. Nd3 Be5 33. Nxe5 dxe5
34. Rd5 e4 35. Rxg5+ 1-0

[Event "AUTO-MASTER-2025"]
[Site "http://www.queenalice.com/game.php?id=1252302"]
[Date "2014.1.29"]
[Round "1"]
[White "kraler"]
[Black "essenfelder"]
[Result "1-0"]
[WhiteElo "2174"]
[BlackElo "1814"]

1. e4 c5 2. Nf3 Nc6 3. c3 g6 4. Bd3 Bg7 5. Bc2 e6 6. O-O d5 7. exd5 exd5 8. b3
Bg4 9. Re1+ Nge7 10. d3 O-O 11. Bb2 d4 12. h3 Bxf3 13. Qxf3 Nf5 14. a3 Re8 15.
Qd1 Qg5 16. Bc1 Qf6 17. Bd2 Re6 18. b4 Rae8 19. bxc5 Rxe1+ 20. Bxe1 Qe5 21. Nd2
Qxc5 22. Ne4 Qe5 23. Ba4 Rc8 24. Rb1 b6 25. c4 Bf8 26. Bb4 Nxb4 27. axb4 Ng7 28.
Qf3 f5 29. Nd2 Bd6 30. Qd5+ Qxd5 31. cxd5 Rd8 32. Bc6 a6 33. Nf3 Nh5 34. Nxd4
Nf4 35. Ne6 Nxe6 36. dxe6 Rc8 37. Bd7 Rc3 38. d4 Rd3 39. d5 Rxd5 40. e7 Bxe7 41.
Be6+ Kf8 42. Bxd5 Kg7 43. Kf1 Kf6 44. Rb3 b5 45. Bb7 Kf7 46. Bxa6 Kf6 47. Bxb5
Bd6 48. Ke2 Kg5 49. Bd7 h5 50. b5 Kf6 51. Be8 Bc5 52. b6 Bd6 53. b7 Bb8 54. Rb6+
Ke7 55. Bxg6 f4 56. Bxh5 Kd7 57. Bf3 Bc7 58. b8=Q 1-0

[Event "AUTO-MASTER-2025"]
[Site "http://www.queenalice.com/game.php?id=1252303"]
[Date "2014.1.29"]
[Round "1"]
[White "essenfelder"]
[Black "kraler"]
[Result "0-1"]
[WhiteElo "1995"]
[BlackElo "2167"]

1. e4 c5 2. Nf3 Nc6 3. Bc4 g6 4. c3 Bg7 5. O-O e6 6. d4 cxd4 7. cxd4 Nge7 8. Bf4
d6 9. e5 d5 10. Bb5 O-O 11. Bxc6 Nxc6 12. Qc1 Qb6 13. Be3 Bd7 14. Nc3 Rfc8 15.
Rb1 Ne7 16. Bg5 Nf5 17. Qf4 Rc4 18. Ne2 Rac8 19. Bf6 Bb5 20. Rfe1 Rc2 21. Nc3
Bd3 22. Na4 Qb4 23. Bxg7 Kxg7 24. Nc5 R2xc5 25. Qg5 Bxb1 26. Qf6+ Kg8 27. h3 Rc1
28. Rxc1 Rxc1+ 29. Kh2 Qe7 30. g4 Qxf6 31. exf6 Be4 32. Kg2 Nh4+ 33. Kg3 Nxf3
34. Kf4 g5+ 0-1

[Event "AUTO-MASTER-1854"]
[Site "http://www.queenalice.com/game.php?id=1253791"]
[Date "2014.2.4"]
[Round "2"]
[White "kraler"]
[Black "battit"]
[Result "0-1"]
[WhiteElo "2231"]
[BlackElo "2277"]

1. e4 c6 2. d4 d5 3. exd5 cxd5 4. c4 dxc4 5. Bxc4 Nf6 6. Nf3 e6 7. Bg5 Be7 8.
Nc3 O-O 9. O-O Nbd7 10. Rc1 a6 11. Bb3 b5 12. d5 Nc5 13. Bc2 Nxd5 14. Nxd5 exd5
15. Bxh7+ Kxh7 16. Rxc5 Be6 17. Bxe7 Qxe7 18. Qd3+ Kg8 19. b4 Rfd8 20. Nd4 Qf6
21. f4 Rac8 22. f5 Bd7 23. Rxd5 Be8 24. Ne2 Bc6 25. Rxd8+ Rxd8 26. Qc2 Qh6 27.
Nf4 Rd4 28. Ng6 Qe3+ 29. Kh1 Rc4 30. Qd1 fxg6 31. fxg6 Qe4 0-1

[Event "AUTO-MASTER-2235"]
[Site "http://www.queenalice.com/game.php?id=1337157"]
[Date "2015.1.26"]
[Round "1"]
[White "sia"]
[Black "kraler"]
[Result "1-0"]
[WhiteElo "1999"]
[BlackElo "2118"]

1. g3 f5 2. Bg2 Nf6 3. b3 g6 4. Bb2 Bg7 5. Nf3 O-O 6. O-O c5 7. d3 Nc6 8. e3 e5
9. Nxe5 Nxe5 10. Bxe5 d5 11. c3 a5 12. Nd2 Ra6 13. Nf3 b5 14. Qe2 Be6 15. d4 c4
16. Ng5 Ne4 17. Nxe6 Rxe6 18. Bxe4 fxe4 19. Bxg7 Kxg7 20. a4 cxb3 21. Qxb5 h5
22. Qxb3 Rb6 23. Qc2 Rc6 24. Rab1 Qc7 25. Rfc1 Rc8 26. Rb5 Qd8 27. Qb3 h4 28.
Rxd5 Qf6 29. Rxa5 h3 30. Ra7+ Kh6 31. Rf7 1-0

[Event "AUTO-MASTER-2235"]
[Site "http://www.queenalice.com/game.php?id=1337158"]
[Date "2015.1.26"]
[Round "1"]
[White "kraler"]
[Black "sia"]
[Result "0-1"]
[WhiteElo "2143"]
[BlackElo "2079"]

1. e4 e5 2. Nf3 d6 3. Bc4 Bg4 4. O-O Nc6 5. c3 a6 6. h3 Bh5 7. d4 f6 8. d5 Na5
9. Be2 b5 10. Be3 Nc4 11. Qc1 Ne7 12. Bxc4 bxc4 13. g4 Bg6 14. Nbd2 h5 15. g5 f5
16. Nxc4 fxe4 17. Nh4 Qd7 18. Kg2 Bf5 19. Rh1 Ng6 20. Nxg6 Bxg6 21. Qd1 Bf7 22.
a4 Be7 23. Na5 O-O 24. Nc6 Be8 25. Qc2 Bg6 26. b4 Rf3 27. c4 Raf8 28. b5 axb5
29. cxb5 Bxg5 30. Ra3 Bxe3 31. fxe3 Rf2+ 32. Qxf2 Rxf2+ 33. Kxf2 Qf7+ 34. Ke1
Qf3 0-1

[Event "AUTO-MASTER-2235"]
[Site "http://www.queenalice.com/game.php?id=1337169"]
[Date "2015.1.26"]
[Round "1"]
[White "franz_ferdinand"]
[Black "kraler"]
[Result "1-0"]
[WhiteElo "2094"]
[BlackElo "2175"]

1. e4 e6 2. d4 d5 3. e5 c5 4. c3 Ne7 5. Nf3 Nbc6 6. Bb5 Ng6 7. h4 h5 8. Ng5 cxd4
9. cxd4 Bd7 10. Nc3 Nge7 11. Qf3 Nf5 12. Be3 Bb4 13. Bd3 Qe7 14. Bxf5 exf5 15.
Qxd5 1-0

[Event "AUTO-MASTER-2235"]
[Site "http://www.queenalice.com/game.php?id=1337170"]
[Date "2015.1.26"]
[Round "1"]
[White "kraler"]
[Black "franz_ferdinand"]
[Result "0-1"]
[WhiteElo "2161"]
[BlackElo "2110"]

1. d4 d5 2. Nf3 Bf5 3. c4 e6 4. Nc3 c6 5. c5 b6 6. cxb6 axb6 7. g3 Nd7 8. Bg2
Ngf6 9. O-O Be7 10. Be3 O-O 11. a4 Ne4 12. Nd2 Nxd2 13. Bxd2 Nf6 14. Re1 Bb4 0-1

[Event "AUTO-MASTER-2235"]
[Site "http://www.queenalice.com/game.php?id=1337175"]
[Date "2015.1.26"]
[Round "1"]
[White "DURIN09"]
[Black "kraler"]
[Result "1-0"]
[WhiteElo "2075"]
[BlackElo "2132"]

1. d4 Nf6 2. Nf3 e6 3. e3 c5 4. Bd3 Nc6 5. c3 d5 6. O-O c4 7. Bc2 Bd6 8. Nbd2
O-O 9. e4 Nxe4 10. Nxe4 dxe4 11. Bxe4 Ne7 12. Bxh7+ Kxh7 13. Ng5+ Kg6 14. Qc2+
f5 15. f4 Rh8 16. Rf3 Nd5 17. Rg3 Kf6 18. Qf2 Qe8 19. Bd2 Rh4 20. Nf3 1-0

[Event "AUTO-MASTER-2235"]
[Site "http://www.queenalice.com/game.php?id=1337176"]
[Date "2015.1.26"]
[Round "1"]
[White "kraler"]
[Black "DURIN09"]
[Result "0-1"]
[WhiteElo "2147"]
[BlackElo "2055"]

1. e4 d6 2. d4 g6 3. Bd3 e5 4. d5 Bg7 5. Be3 Ne7 6. Nd2 c5 7. dxc6 bxc6 8. c4
O-O 9. Ne2 Bb7 10. O-O d5 11. cxd5 cxd5 12. exd5 Nxd5 13. Bc5 Re8 14. Ne4 Na6
15. Bb5 Re6 16. Qa4 Nb6 17. Bxb6 Qxb6 18. N2c3 Bxe4 19. Qxe4 Rd8 20. Rfd1 Nc5
0-1